000 00658nam a22001697a 4500
005 20250214094941.0
008 250214b |||||||| |||| 00| 0 eng d
082 _22023
_aUT
100 _aalbarracin, April Gay I.
_965264
245 _a"Deluge in the dark": Mother's living in the flood-prone area /
_cApril Gay I. Albarracin, Raziel Jean G. Cordova, and Luigi Edgar G. Bebat
260 _aDigos City :
_bUMDC,
_c©December 2023.
300 _aix, 127 pages :
_billustration (some colors) ;
_c29 cm.
500 _aIncludes references and appendices.
700 _aCordova, Raziel Jean G.
_965265
700 _aBebat, Luigi Edgar G.
_965266
942 _2ddc
_cUT
999 _c23445
_d23445